Formula 1: All teammates who finished 1-2 - Statistics

General Stats
  • This quiz has been taken 86 times
    18 since last reset
  • The average score is 57 of 91
Answer Stats
Nation Answer % Correct
๐Ÿ‡ง๐Ÿ‡ท Ayrton Senna
100%
๐Ÿ‡ฒ๐Ÿ‡จ Charles Leclerc
100%
๐Ÿ‡ง๐Ÿ‡ท Felipe Massa
100%
๐Ÿ‡ฌ๐Ÿ‡ง Jenson Button
100%
๐Ÿ‡ซ๐Ÿ‡ฎ Keke Rosberg
100%
๐Ÿ‡ฌ๐Ÿ‡ง Lando Norris
100%
๐Ÿ‡ฌ๐Ÿ‡ง Lewis Hamilton
100%
๐Ÿ‡ฆ๐Ÿ‡บ Mark Webber
100%
๐Ÿ‡ณ๐Ÿ‡ฑ Max Verstappen
100%
๐Ÿ‡ฉ๐Ÿ‡ช Michael Schumacher
100%
๐Ÿ‡ซ๐Ÿ‡ฎ Mika Hรคkkinen
100%
๐Ÿ‡ฉ๐Ÿ‡ช Nico Rosberg
100%
๐Ÿ‡ฉ๐Ÿ‡ช Ralf Schumacher
100%
๐Ÿ‡ฉ๐Ÿ‡ช Sebastian Vettel
100%
๐Ÿ‡ฒ๐Ÿ‡ฝ Sergio Pรฉrez
100%
๐Ÿ‡ซ๐Ÿ‡ฎ Valtteri Bottas
100%
๐Ÿ‡ซ๐Ÿ‡ท Alain Prost
93%
๐Ÿ‡ช๐Ÿ‡ธ Carlos Sainz
93%
๐Ÿ‡ฌ๐Ÿ‡ง Damon Hill
93%
๐Ÿ‡ช๐Ÿ‡ธ Fernando Alonso
93%
๐Ÿ‡ฎ๐Ÿ‡น Giuseppe Farina
93%
๐Ÿ‡ฌ๐Ÿ‡ง Graham Hill
93%
๐Ÿ‡ฆ๐Ÿ‡ท Juan Manuel Fangio
93%
๐Ÿ‡ซ๐Ÿ‡ฎ Kimi Rรคikkรถnen
93%
๐Ÿ‡ฆ๐Ÿ‡น Niki Lauda
93%
๐Ÿ‡ฆ๐Ÿ‡บ Oscar Piastri
93%
๐Ÿ‡บ๐Ÿ‡ธ Phil Hill
93%
๐Ÿ‡ฎ๐Ÿ‡น Alberto Ascari
86%
๐Ÿ‡จ๐Ÿ‡ฆ Gilles Villeneuve
86%
๐Ÿ‡จ๐Ÿ‡ฆ Jacques Villeneuve
86%
๐Ÿ‡ฌ๐Ÿ‡ง Nigel Mansell
86%
๐Ÿ‡ฆ๐Ÿ‡บ Jack Brabham
79%
๐Ÿ‡ฟ๐Ÿ‡ฆ Jody Scheckter
79%
๐Ÿ‡ง๐Ÿ‡ท Nelson Piquet
79%
๐Ÿ‡ง๐Ÿ‡ท Rubens Barrichello
79%
๐Ÿ‡ฆ๐Ÿ‡ท Carlos Reutemann
71%
๐Ÿ‡ฆ๐Ÿ‡บ Daniel Ricciardo
71%
๐Ÿ‡ฌ๐Ÿ‡ง David Coulthard
71%
๐Ÿ‡ฌ๐Ÿ‡ง Jackie Stewart
71%
๐Ÿ‡ฌ๐Ÿ‡ง Jim Clark
71%
๐Ÿ‡จ๐Ÿ‡ด Juan Pablo Montoya
71%
๐Ÿ‡บ๐Ÿ‡ธ Mario Andretti
71%
๐Ÿ‡ฆ๐Ÿ‡บ Alan Jones
64%
๐Ÿ‡จ๐Ÿ‡ญ Clay Regazzoni
64%
๐Ÿ‡ฌ๐Ÿ‡ง George Russell
64%
๐Ÿ‡ฆ๐Ÿ‡น Gerhard Berger
64%
๐Ÿ‡ง๐Ÿ‡ช Jacky Ickx
64%
๐Ÿ‡ฎ๐Ÿ‡น Kimi Antonelli
64%
๐Ÿ‡ฎ๐Ÿ‡น Riccardo Patrese
64%
๐Ÿ‡ณ๐Ÿ‡ฟ Denis Hulme
57%
๐Ÿ‡ฌ๐Ÿ‡ง Eddie Irvine
57%
๐Ÿ‡ธ๐Ÿ‡ช Ronnie Peterson
57%
๐Ÿ‡ฌ๐Ÿ‡ง Stirling Moss
57%
๐Ÿ‡ซ๐Ÿ‡ท Franรงois Cevert
50%
๐Ÿ‡ฎ๐Ÿ‡น Giancarlo Fisichella
50%
๐Ÿ‡ฎ๐Ÿ‡น Michele Alboreto
50%
๐Ÿ‡ฌ๐Ÿ‡ง Mike Hawthorn
50%
๐Ÿ‡ซ๐Ÿ‡ท Renรฉ Arnoux
50%
๐Ÿ‡ช๐Ÿ‡ธ | ๐Ÿ‡ฌ๐Ÿ‡ง Alfonso de Portago | Peter Collins
43%
๐Ÿ‡ซ๐Ÿ‡ท Didier Pironi
43%
๐Ÿ‡ง๐Ÿ‡ท Emerson Fittipaldi
43%
๐Ÿ‡ฌ๐Ÿ‡ง Peter Collins
43%
๐Ÿ‡ฉ๐Ÿ‡ช Wolfgang von Trips
43%
๐Ÿ‡ณ๐Ÿ‡ฟ Bruce McLaren
36%
๐Ÿ‡ง๐Ÿ‡ท Carlos Pace
36%
๐Ÿ‡บ๐Ÿ‡ธ Dan Gurney
36%
๐Ÿ‡ซ๐Ÿ‡ท Jacques Laffite
36%
๐Ÿ‡ฌ๐Ÿ‡ง John Watson
36%
๐Ÿ‡ฆ๐Ÿ‡ท Josรฉ Froilรกn Gonzรกlez
36%
๐Ÿ‡ฎ๐Ÿ‡น Luigi Fagioli
36%
๐Ÿ‡ซ๐Ÿ‡ฎ Mika Salo
36%
๐Ÿ‡ฉ๐Ÿ‡ช Nick Heidfeld
36%
๐Ÿ‡ซ๐Ÿ‡ท Patrick Depailler
36%
๐Ÿ‡ฎ๐Ÿ‡น Piero Taruffi
36%
๐Ÿ‡ต๐Ÿ‡ฑ Robert Kubica
36%
๐Ÿ‡ธ๐Ÿ‡ช Stefan Johansson
36%
๐Ÿ‡ง๐Ÿ‡ช Thierry Boutsen
36%
๐Ÿ‡ฌ๐Ÿ‡ง Tony Brooks
36%
๐Ÿ‡ฌ๐Ÿ‡ง Johnny Herbert
29%
๐Ÿ‡ฎ๐Ÿ‡น Ludovico Scarfiotti
29%
๐Ÿ‡ซ๐Ÿ‡ท Patrick Tambay
29%
๐Ÿ‡บ๐Ÿ‡ธ Richie Ginther
21%
๐Ÿ‡ฎ๐Ÿ‡น Eugenio Castellotti
14%
๐Ÿ‡ซ๐Ÿ‡ท Jean Behra
14%
๐Ÿ‡ซ๐Ÿ‡ท Jean-Pierre Beltoise
14%
๐Ÿ‡ฉ๐Ÿ‡ช Karl Kling
14%
๐Ÿ‡ฎ๐Ÿ‡น Luigi Villoresi
14%
๐Ÿ‡ง๐Ÿ‡ท Roberto Moreno
14%
๐Ÿ‡ฌ๐Ÿ‡ง Innes Ireland
7%
๐Ÿ‡ฌ๐Ÿ‡ง Mike Parkes
7%
๐Ÿ‡ง๐Ÿ‡ช Paul Frรจre
0%
No matching quizzes found
Score Distribution
Percent of People with Each Score
Percentile by Number Answered
Your Score History
You have not taken this quiz since the last reset